00624cam a22002052 45000010005000000030008000050050017000130080039000300350050000690400028001190410008001470820020001551000035001752450078002102600030002883000021003185040020003396500035003597000024003945206BD-RjUL20211208234029.0131224s1963 nyu 001 0 eng aOCLC ocm00424897 from D971223Ma(BD-RjUL)5242 aDLCcCCLdSERdEQObeng aeng a347.7bCOB 19631 aCoppola, Andrew Joseph,d1908-10aBusiness law : c[by] Andrew J. Coppola [and] Harry Katz.ba CPA review / aNew York :bWiley,cc1963 a765 p. ;c24 cm. aIncludes Index. 0aCommercial lawzUnited States.1 aKatz, Harry,d1909-